Top 15 des villes avec les meilleurs transports en commun - Statistiques

Statistiques générales
  • Ce quiz a été pris 91 fois
  • Le résultat moyen est 8 sur 15
Statistiques - réponses
Continent Ville % Correct
14) Europe Paris
100%
11) Europe Londres
86%
15) Amérique du Nord New York
85%
3) Asie Tokyo
85%
1) Europe Berlin
84%
12) Europe Madrid
78%
9) Asie Shanghai
68%
10) Europe Amsterdam
50%
5) Europe Stockholm
43%
7) Asie Hong Kong
35%
2) Europe Prague
35%
4) Europe Copenhague
33%
6) Asie Singapour
33%
8) Asie Taipei
13%
13) Europe Edimbourg
0%
Aucun quiz correspondant
Distribution des résultats
% des personnes avec chaque résultat
Percentile par nombre de réponses
Votre historique - résultats
Vous n’avez pas pris ce quiz